000 00354nam a2200157 i 4500
001 bg
245 0 _aMechanics of granular materials.
260 _aAmsterdam :
_bElsevier,
_c1983.
020 _a0444421920
040 _cBPK
041 _apol
080 _a624
920 _a0-444-42192-0
942 _cKS
008 s pl f |000 0 pol
999 _c23296
_d23296
856 _uhttp://koha.tu.koszalin.pl/cgi-bin/koha/opac-detail.pl?biblionumber=23296
_yKatalog online BPK